| 000 | 00770cab a2200241 4500 | ||
|---|---|---|---|
| 001 | WB2911-02 | ||
| 008 | 090401t1993 xxu||||| |||| 00| 0 eng d | ||
| 035 | _a(Sirsi) u72218 | ||
| 041 | _aeng | ||
| 245 | _aGeorge Wimpey reports loss | ||
| 260 | _c1993 | ||
| 350 | _a0 | ||
| 490 |
_aFinancial Times _v17 March 1993, 41-42 |
||
| 490 |
_aTimes _v17 March 1993, 29(3) |
||
| 520 | _aAfter reporting a £112.4m pre-tax loss, the chief executive of Wimpey claimed that the worst may be over. Wimpey`s house sales have risen 33% since the New Year against the same period last year. | ||
| 650 | _aCONSTRUCTION COMPANIES | ||
| 650 | _aHOUSE BUILDERS | ||
| 650 | _aRESULTS | ||
| 650 | _aWIMPEY | ||
| 690 | _aBUILT ENVIRONMENT | ||
| 942 | _n0 | ||
| 948 | _c04/03/1997 | ||
| 999 |
_c45596 _d45596 |
||